Most Populous Counties in Nebraska - Statistics

General Stats
  • This quiz has been taken 19 times
  • The average score is 10 of 15
Answer Stats
Population County % Correct
584,526 {Douglas} County
94%
322,608 {Lancaster} County
94%
190,604 {Sarpy} County
94%
34,676 {Lincoln} County
81%
36,084 {Scotts Bluff} County
81%
62,895 {Hall} County
63%
34,296 {Platte} County
63%
50,084 {Buffalo} County
56%
26,598 {Cass} County
56%
21,704 {Gage} County
56%
35,585 {Madison} County
56%
37,167 {Dodge} County
50%
31,205 {Adams} County
44%
24,111 {Dawson} County
44%
22,278 {Saunders} County
44%
No matching quizzes found
Score Distribution
Percent of People with Each Score
Percentile by Number Answered
Your Score History
You have not taken this quiz